The Art of Character Building (Record no. 47302)
[ view plain ]
| 000 -LEADER | |
|---|---|
| fixed length control field | 00445nam a2200145 4500 |
| 005 - DATE AND TIME OF LATEST TRANSACTION | |
| control field | 20260414103003.0 |
| 008 - FIXED-LENGTH DATA ELEMENTS--GENERAL INFORMATION | |
| fixed length control field | 260414b |||||||| |||| 00| 0 eng d |
| 082 ## - DEWEY DECIMAL CLASSIFICATION NUMBER | |
| Classification number | 158.1 |
| Author Mark | MUH-T |
| 100 ## - MAIN ENTRY--AUTHOR | |
| Author Name | Muhammad Jamil |
| 245 ## - TITLE STATEMENT | |
| Title | The Art of Character Building |
| Sub-Title | Descriptive Study : Theory and Practice |
| 260 ## - PUBLICATION, DISTRIBUTION, ETC. | |
| Place of Publication | Pakistan |
| Name of publisher, distributor, etc. | Chaudhar Publisher, Fazal Abad Sharif, Darya Gali Murree |
| Date of publication, distribution, etc. | 2023 |
| 300 ## - PHYSICAL DESCRIPTION | |
| Pages | 159 p. |
| 650 ## - SUBJECT ADDED ENTRY--TOPICAL TERM | |
| Subject / Department | Education |
| 942 ## - ADDED ENTRY ELEMENTS (KOHA) | |
| Koha item type | Book |
| Withdrawn status | Lost status | Damaged status | Not for loan | Collection code | Permanent Location | Current Location | Shelving Location | Date acquired | Source of acquisition | Total Checkouts | Full Call Number | Accession No./Barcode | Date last seen | Koha item type |
|---|---|---|---|---|---|---|---|---|---|---|---|---|---|---|
| Education | Air University H-11 Campus Islamabad | Air University H-11 Campus Islamabad | Education | 04/14/2026 | Gifted by Dr. Sadaf Zamir | 158.1 MUH-T | AUHEG0039 | 04/14/2026 | Book |







